LEADER 00831nam a2200229 i 4500 001 000000166067 003 CaOOAMICUS 005 20071106000000.0 008 071106s1974 it u000 u ita u 013 $a143435 040 $aSeMil$bita 100 1 $aMarghieri, Clotilde,$d<1897-1981>.$0(OLS)http://semarc/name/55602 245 10$aAmati enigmi /$cClotilde Marghieri. 260 $aFirenze :$bVallecchi,$ccopyr. 1974. 300 $a168 p. ;$c23 cm. 490 0 $aLetteratura Vallecchi 830 0$aLetteratura Vallecchi.$0(OLS)http://semarc/title/19419 850 $aSeMil 852 $aSeMil$W1$xVenegono$y1$m1B IV 215$j248650$B117238$CSeMilBibl$Z2$F128038 $81 961 $aRecupero: Altro 996 $6245$aAmati enigmi$9(OLS)http://semarc/title/237164 996 $6260$aFirenze :$bVallecchi$9(OLS)http://semarc/publisher/29768 LEADER 01134nam a2200241 i 4500 001 000000023844 003 CaOOAMICUS 005 20210518094534.0 008 180830s1864 it u000 u ita u 040 $aSeMil$bita 100 1 $aBottiglia, Luigi.$0(OLS)http://semarc/name/10610 245 10$aVita della venerabile Maria Clotilde regina di Sardegna /$cscritta da Luigi Bottiglia di Salvoux. 250 $a3. ed. italiana con notizie aggiunte. 260 $aMonza :$bTipografia dell' Istituto de' Paolini,$c1864. 300 $a2 v. ;$c16 cm. 500 $aLegati insieme i 2 vol. 600 04$aMaria Clotilde : di Borbone-Francia .$0(OLS)http://semarc/subject/3739 774 0 $tParte 1.$kCollana di vite di santi$g1$w()246874 774 0 $tParte 2.$kCollana di vite di santi$g2$w()246875 830 0$aCollana di vite di santi.$0(OLS)http://semarc/title/14269 996 $6245$aVita della venerabile Maria Clotilde regina di Sardegna$9(OLS)http://semarc/title/31994 996 $6260$aMonza :$bTipografia dell' Istituto de' Paolini$9(OLS)http://semarc/publisher/33386 LEADER 01008nam a2200241 i 4500 001 000000181264 003 CaOOAMICUS 005 20090828000000.0 008 090828s1982 it u000 u ita u 013 $a159096 040 $aSeMil$bita 245 10$aLeggenda di Santo Galgano confessore /$cTesto volgare inedito del 14. secolo edito a cura di Franco Cardini. 260 $aSiena :$bCantagalli,$c1982. 300 $a111 p. ;$c18 cm. 490 0 $aI classici cristiani 650 4$aGalgano - Leggenda arturiana.$0(OLS)http://semarc/subject/34398 700 1 $aCardini, Franco,$d<1940- >.$0(OLS)http://semarc/name/321 830 2$aI classici cristiani.$0(OLS)http://semarc/title/386 850 $aSeMil 852 $aSeMil$W1$xVenegono$y1$m2S I 531$j132005$B132005$CSeMilBibl$Z2$F143806 $81 961 $aOmaggio: Altro 996 $6245$aLeggenda di Santo Galgano confessore$9(OLS)http://semarc/title/260236 996 $6260$aSiena :$bCantagalli$9(OLS)http://semarc/publisher/29767